El Jesús histórico /

Guardat en:
Dades bibliogràfiques
Autor principal: Theissen, Gerd (autor)
Altres autors: Merz, Annette (autor) (autor)
Format: Llibre
Idioma:espanyol
Publicat: Salamanca, España : Sígueme, 1999, c1999
Col·lecció:(Biblioteca de Estudios Bíblicos ; 100)
Matèries:
Etiquetes: Afegir etiqueta
Sense etiquetes, Sigues el primer a etiquetar aquest registre!

MARC

LEADER 00000nam^a2200000^a^4500
001 000352742
005 20250521000000.0
008 150506 19991999
009 20260310115049.613
020 |a 84-301-1349-5 
025 |a Donación sin dato, 1 ejemplar 
037 |a Acervo ITESO - Biblioteca 
041 |a ESP 
082 |a 232. 908  |b THE 
100 |a Theissen, Gerd  |e (autor) 
245 1 3 |a El Jesús histórico /  |c G. Theissen, A. Merz. 
264 4 |a Salamanca, España :  |b Sígueme,  |c 1999, c1999 
300 |a 710 p. 
336 |a texto  |b txt  |2 rdacontenido 
337 |a sin mediación  |b n  |2 rdamedio 
338 |a volumen  |b nc  |2 rdasoporte 
440 1 |a (Biblioteca de Estudios Bíblicos ;  |v 100) 
649 |a XX 
650 |a Jesucristo -  |x Historicidad -  |x Tema Principal 
650 |a Cristianismo 
650 |a Catolicismo 
650 |a Religión 
700 |a Merz, Annette  |e (autor) 
910 |a Fondo General 
920 |a Impresos - Libros 
930 |a Colección General 
905 |a 101 
901 |a 0500246563  |b IT1  |c ACC  |i D  |u 20250521 
902 |a https://opac.biblio.iteso.mx/vufind/Record/000352742